قصة مكتب المباحث الفيدرالي / (Record no. 16005)
[ view plain ]
| 000 -الفاتح | |
|---|---|
| حقل البيانات ثابتة الطول | 00991nam a22001817a 4500 |
| 008 - عناصر البيانات ثابتة الطول - معلومات عامة | |
| حقل البيانات ثابتة الطول | 110912s1965 ua|||||r|||| 00| 0 ara d |
| 082 ## - رقم تصنيف ديوى العشرى | |
| رقم الطبعة | 22 |
| رقم التصنيف | 342.08 |
| رقم المادة | ه و ا |
| 100 ## - المدخل الرئيسى - إسم شخصى | |
| 9 (RLIN) | 27141 |
| الإسم الشخصى | هوايتهد ، دون |
| 245 ## - بيان العنوان | |
| العنوان | قصة مكتب المباحث الفيدرالي / |
| بيان المسئوليه,etc | تأليف دون هوايتهد؛ ترجمة عبد المنصف محمود؛ مراجعة وتقديم محمود السباعي |
| 260 ## - PUBLICATION, DISTRIBUTION, ETC. (IMPRINT) | |
| مكان الناشر او الموزع | القاهرة : |
| اسم الناشر او الموزع | الشركة العربية للطباعة والنشر، 1965 |
| تاريخ النشر أو التوزيع | 1965 |
| 300 ## - الوصف المادى | |
| التعداد | 483 ص ؛ |
| أبعاد الوعاء | 24 سم |
| 651 ## - المدخل الاضافى بالموضوع - اسم جغرافى | |
| 9 (RLIN) | 27140 |
| الاسم الجغرافي | الولايات المتحدة الأمريكية |
| التقسيم الفرعي العام | مكتب التحقيقات الفيدرالي |
| 653 ## - مصطلح تكشيفى غير مقيد | |
| Resource For college | |
| 700 ## - المدخل الاضافى - اسم شخصى | |
| 9 (RLIN) | 27142 |
| الإسم الشخصى | محمود ، عبد المنصف |
| الدور | مترجم |
| 700 ## - المدخل الاضافى - اسم شخصى | |
| 9 (RLIN) | 27143 |
| الإسم الشخصى | السباعي ، محمود |
| الدور | مراجع ومقدم |
| 942 ## - عناصر المدخل الإضافي( كوها) | |
| مصدر التصنيف او مخطط الترفيف | Dewey Decimal Classification |
| Koha [default] item type | Book - Borrowing |
| حالة التراجع | حالة الفقد | مصدر التصنيف او خطة الترفيف | حالة تلف | ليس للاعارة | مجموعات كوها | المكان الدائم | المكان الحالي | موقع الترفيف | تاريخ الاكتساب | Source of acquisition | رقم الاستدعاء | الباركود | Date last seen | نوع الوعاء |
|---|---|---|---|---|---|---|---|---|---|---|---|---|---|---|
| Dewey Decimal Classification | Alef-Baa | Central Library | Central Library | First floor | 12/09/2011 | 342.08 ه و ا | 000024697 | 15/07/2025 | Book - Borrowing |